Durer - Bildnisse Selbstbildnisse - Familie - Umwelt (Record no. 5178)

MARC details
000 -CABECERA
campo de control de longitud fija 00626nam a2200205 a 4500
001 - NÚMERO DE CONTROL
campo de control BRCA_5484
005 - FECHA Y HORA DE LA ÚLTIMA TRANSACCIÓN
campo de control 20190320205111.0
008 - DATOS DE LONGITUD FIJA--INFORMACIÓN GENERAL
campo de control de longitud fija 010211s1900----gw-a######---#000-0#ger-#
050 #4 - SIGNATURA TOPOGRÁFICA DE LA BIBLIOTECA DEL CONGRESO
Número de clasificación ND588.D8
Número de documento/Ítem .M63
-- 1900
100 1# - ENTRADA PRINCIPAL--NOMBRE DE PERSONA
Nombre de persona Mohle, Hans
9 (RLIN) 14019
245 10 - MENCIÓN DE TÍTULO
Título Durer - Bildnisse Selbstbildnisse - Familie - Umwelt
Mención de responsabilidad, etc. von Hans Mohle.
260 ## - PUBLICACIÓN, DISTRIBUCIÓN, ETC.
Lugar de publicación, distribución, etc. Bremen, Alemania
Nombre del editor, distribuidor, etc. Angelsachnen
Fecha de publicación, distribución, etc. 1900
300 ## - DESCRIPCIÓN FÍSICA
Extensión 12 p.
Otras características físicas il. (algunas a color), 13 láminas
Dimensiones 34 cm.
500 ## - NOTA GENERAL
Nota general E161
600 14 - PUNTO DE ACCESO ADICIONAL DE MATERIA--NOMBRE DE PERSONA
Nombre de persona Durer, Albrecht
Fechas asociadas al nombre 1471-1528
9 (RLIN) 48
650 14 - PUNTO DE ACCESO ADICIONAL DE MATERIA--TÉRMINO DE MATERIA
Término de materia o nombre geográfico como elemento de entrada Pintores alemanes
9 (RLIN) 797
650 14 - PUNTO DE ACCESO ADICIONAL DE MATERIA--TÉRMINO DE MATERIA
Término de materia o nombre geográfico como elemento de entrada Grabadores alemanes
9 (RLIN) 7216
902 ## - CATALOGADOR
Iniciales GFM
942 ## - ELEMENTOS DE PUNTO DE ACCESO ADICIONAL (KOHA)
Fuente del sistema de clasificación o colocación Library of Congress Classification
Tipo de ítem Koha Libros
Holdings
Estado de retiro Estado de pérdida Estado dañado No para préstamo Localización permanente Ubicación/localización actual Fecha de adquisición Número de inventario Total de préstamos Signatura topográfica completa Código de barras Fecha visto por última vez Precio válido a partir de Tipo de ítem Koha
El ejemplar forma parte de la colección y puede ser consultado según las políticas vigentes.       Biblioteca del Museo Franz Mayer (Rogerio Casas-Alatriste) Biblioteca del Museo Franz Mayer (Rogerio Casas-Alatriste) 01/02/2011 E161   ND588.D8 .M63 1900 (E161) 5920 22/03/2019 22/03/2019 Libros